000 00456cam a22001217a 4500
008 180718b1966 xxu||||| |||| 00| 0 eng d
082 _aT214x54 N213
245 _aDemand for PVC leather cloth in India
_cby National Council of Applied Economic Research
260 _aNew Delhi
_bNational Council of Applied Economic Research
_c1966
300 _a19p.
650 _aPolyvinyl chloride industry --India
700 _aNational Council of Applied Economic Research
999 _c375319
_d375319